Name an Animal A-Z - Statistics

General Stats
  • This quiz has been taken 26,145 times
  • The average score is 21 of 26
Answer Stats
Letter Animals % Correct
C Cat, Cicada, Cuttlefish...
99%
B Baboon, Badger, Bee...
98%
D Deer, Dolphin, Duck...
98%
E Eel, Elk, Emu...
97%
A Aardvark, Asp, Axolotl...
96%
F Falcon, Fox, Frog...
95%
G Giraffe, Goat, Gorilla...
95%
L Lemur, Lion, Llama...
94%
H Hedgehog, Hippo, Horse...
93%
S Seal, Shark, Snake...
93%
M Macaw, Monkey, Mouse...
92%
P Panda, Parrot, Pig...
92%
Z Zebra, Zebrafish, Zebu...
91%
O Octopus, Ostrich, Owl...
89%
R Rabbit, Rat, Rhino...
89%
T Tiger, Turkey, Turtle...
89%
K Kangaroo, Kiwi, Koala...
87%
W Wasp, Whale, Wolf...
86%
J Jackal, Jaguar, Jellyfish...
81%
I Ibis, Iguana, Impala...
72%
N Narwhal, Newt, Nutria...
58%
V Viper, Vole, Vulture...
57%
Y Yak, Yellowhammer, Yellowjacket...
57%
Q Quagga, Quail, Quokka...
56%
U Umbrellabird, Unau, Urchin...
24%
X Xeme, Xerus, Xoloitzcuintli...
20%
No matching quizzes found
Score Distribution
Percent of People with Each Score
Percentile by Number Answered
Your Score History
You have not taken this quiz